Responses for Show #1672 - Tuesday, December 3, 1991

Contestants

[<< previous game]

Steve Firkser, an attorney from Rahway, New Jersey

David Cohen, a psychic counselor from San Diego, California

Elizabeth Pearce, a freelance editor and writer from New York City, New York (whose 1-day cash winnings total $13,300)

[next game >>]

Jeopardy! Round responses

UTAH
SINGERS' REAL NAMES
SMUGGLING
ANCIENT GREECE
MOVIE MENAGERIE
7-LETTER WORDS
    $100 26
Brigham Young

Elizabeth
    $100 5
Conway Twitty

Steve
    $100 19
Jean Lafitte

David
    $100 3
mosaics

David
    $100 1
The Maltese Falcon

Steve
    $100 13
a husband

Steve
    $200 27
(Elizabeth: What is the phoenix?)
(David: What is the crow?)

the seagull

ElizabethDavid
Triple Stumper
    $200 9
Slim Whitman

Steve
    $200 22
Carmen

David
    $200 4
a theater

Elizabeth
    $200 2
Crocodile Dundee

David
    $200 14
a parfait

Steve
    $300 28
(David: What are the railroads?)

the telegraph

DavidSteve
    $300 10
Huey Lewis

Elizabeth
    $300 23
opium

Steve
    $300 18
the Hebrew alphabet

Steve
    $300 6
(2 of) Duck Soup, Horse Feathers & Monkey Business

Steve
    $300 15
weather

Elizabeth
    $400 29
the Colorado

Triple Stumper
    $400 11
Joni Mitchell

Elizabeth
    $400 24
(David: What is the Basque country?)

Andorra

ElizabethDavid
    $400 20
Socrates

Steve
    $400 7
The Black Stallion

Steve
    $400 16
trisect

Elizabeth
    $500 30
Jake Garn

Steve
    $500 12
Vicki Carr

Elizabeth
    $500 25
the Coast Guard

Elizabeth
    $900 21
(Steve: What is geometry?)
(Alex: Oh, sorry. That three of them were mentioned, hence [*], the triangle.)

trigonometry

Steve
    $500 8
One Flew Over the Cuckoo's Nest

Elizabeth
    $500 17
aspirin

David

Scores at the first commercial break (after clue 15):

Elizabeth David Steve
$2,200 $300 $1,400

Scores at the end of the Jeopardy! Round:

Elizabeth David Steve
$3,400 $200 $2,300

Double Jeopardy! Round responses

RULERS
NONFICTION
BIOLOGY
NATIONAL LANDMARKS
IMPRESSIONISTS
THE 1870s
    $200 16
William

David
    $200 11
cholesterol

Triple Stumper
    $200 26
amphibians

Steve
    $200 21
Cape Canaveral

Steve
    $200 1
Degas

David
    $200 6
Rockefeller

Steve
    $400 17
Isabella

Elizabeth
    $400 12
Linda Ellerbee

Steve
    $400 27
recessive

Elizabeth
    $400 22
Henry Ford

Elizabeth
    $400 2
Sunday

Elizabeth
    $400 7
Stanley

David
    $600 18
Hirohito

Elizabeth
    $600 13
Studs Terkel

Steve
    $600 28
fat

Elizabeth
    $600 23
Coca-Cola

David
    $600 3
Monet & Manet

David
    $600 8
(Alex: Yes. All Kentucky Derby winners are [*].)

3

Steve
    $800 19
Louis XIV

Steve
    $1,000 14
(Steve: [No response])

A Brief History of Time

Steve
    $800 29
fission

Triple Stumper
    $800 24
Hull House

Elizabeth
    $1,000 4
Limoges

David
    $800 9
the Molly Maguires

Steve
    $1000 20
Herod (the Great)

Steve
    $1000 15
Civil Disobedience

Steve
    $1000 30
(Alex: And we refer to them as lower animals. I don't know why. [*]. They can do it and we can't.)
[Laughter]

regeneration

Triple Stumper
    $1000 25
Harriet Tubman

Elizabeth
    $1000 5
(Elizabeth: Who is Mary Seurat?)

Mary Cassatt

ElizabethSteve
    $1000 10
(David: Who is Sternberg?)

Schoenberg

DavidSteve

Scores at the end of the Double Jeopardy! Round:

Elizabeth David Steve
$7,000 $2,200 $9,100

[wagering suggestions for these scores]

Final Jeopardy! Round responses

THE BRITISH EMPIRE
DavidWhat is British Honduras?
$2,200
ElizabethWhat was Belize?
$6,000
SteveWhat was British Honduras (Belize?)
$4,901
Belize (British Honduras)

Final scores:

Elizabeth David Steve
$13,000 $4,400 $14,001
2nd place: Pacific Sun outdoor furnitute set + Service Merchandise gift certificate 3rd place: Dahan Mountain Gold mountain bike New champion: $14,001

Game dynamics:

Coryat scores:

Elizabeth David Steve
$7,000 $2,000 $11,000
18 R,
2 W
11 R
(including 1 DD),
4 W
24 R,
2 W
(including 2 DDs)

Combined Coryat: $20,000

[game clues] [game scores] [suggest correction]

Game tape date: 1991-09-23
The J! Archive is created by fans, for fans. Scraping, republication, monetization, and malicious use prohibited; this site may use cookies and collect identifying information. See terms. The Jeopardy! game show and all elements thereof, including but not limited to copyright and trademark thereto, are the property of Jeopardy Productions, Inc. and are protected under law. This website is not affiliated with, sponsored by, or operated by Jeopardy Productions, Inc. Join the discussion at JBoard.tv.